| 000 | 00964cam a2200301 a 4500 | ||
|---|---|---|---|
| 999 |
_c9584 _d9584 |
||
| 001 | 9584 | ||
| 003 | BD-JhCC | ||
| 005 | 20180319202240.0 | ||
| 008 | 180319s2001 ii 000 0 eng | ||
| 020 | _a1888777516 | ||
| 035 | _a(BD-JhCC)9584 | ||
| 040 |
_aDLC _cDLC _dDLC |
||
| 041 | _aeng | ||
| 050 | 0 | 0 |
_aPE1146 _b.N54 2001 |
| 082 | 0 | 0 |
_a423/.1 _221 _bTHE 2001 |
| 245 | 0 | 4 | _aThe new international Webster's pocket spelling dictionary of the English language / |
| 246 | 3 | 0 | _aWebster's pocket spelling dictionary of the English language |
| 246 | 3 | 0 | _aSpelling dictionary of the English language |
| 246 | 1 | 8 | _aSpelling |
| 250 | _aNew rev. ed., 2000 ed. | ||
| 260 |
_a[United States] : _bTrident Press International, _c2000 _g(2001 printing) |
||
| 300 |
_a318 p. ; _c17 cm. |
||
| 650 | 0 |
_aEnglish language _xOrthography and spelling _vDictionaries. |
|
| 650 | 0 | _aSpellers. | |
| 710 | 2 | _aTrident Press International. | |
| 942 |
_2ddc _cREF |
||